01761cam a22003735i 4500999001700000001001000017003000900027005001700036008004100053020002200094020002500116040004500141082002200186245008900208264006400297300003000361336002600391337002800417338002700445490003400472504005300506520021500559650005500774650004300829653002800872655001700900700003500917700003700952856007400989856008801063856007601151942001201227952014801239 c27599d27570011620644EG-ScBUE20190909120047.0030404s2004 enk f b 001 0 eng d a0521535220 (pbk.) a9780521535229 (pbk.) aStDuBDSbengerdacStDuBDSdUkdEG-ScBUE04a418.0071bCRI22200aCritical pedagogies and language learning /cedited by Bonny Norton, Kelleen Toohey. 1aCambridge ;aNew York :bCambridge University Press,c2004. axiii, 362 pages ;c24 cm. atextbtxt2rdacontent aunmediatedbn2rdamedia avolumebnc2rdacarrier0 aCambridge applied linguistics aIncludes bibliographical references and indexes. aThis volume applies the critical pedagogical approach to the area of language learning, and in doing so, it addresses such topics as critical multiculturalism, gender and language learning, and popular culture. 7aLanguage and languagesxStudy and teaching.2BUEsh 7aLanguage teachersxTraining of.2BUEsh bHHUUEENNcSeptember2019 vReading book1 aNorton, Bonny,d1956-eeditor.1 aToohey, Kelleen,d1950-eeditor.413Sample textuhttp://www.loc.gov/catdir/samples/cam041/2003048557.html423Publisher descriptionuhttp://www.loc.gov/catdir/description/cam041/2003048557.html413Table of contentsuhttp://www.loc.gov/catdir/toc/cam041/2003048557.html 2ddccBB 00102ddc40708BaccahaMAINbMAINc2NDd2019-09-09ePurchaseg344.00l0o418.0071 CRIp000048035r2025-07-15 00:00:00v430.00w2019-09-09yBB